000 00444nam a22001577a 4500
005 20250523103351.0
008 250523b |||||||| |||| 00| 0 eng d
020 _a1-58713-207-9
050 _aTK 5103.8 .L49 2008
_bC.2
100 _aLEWIS WAYNE
245 _aLAN SWITCHING AND WIRELESS
_bCCNA EXPLORATION COMPANION GUIDE
260 _aUSA
_bCISCO PRESS
_c2008
500 _aINCLUDES INDEX
650 _aTELECOMMUNICATION
942 _2lcc
_cBK
999 _c215490
_d215490